[Event "LSS No Engine Cup 38 Preliminary 6"]
[Site "LSS email"]
[Date "2011.03.02"]
[Round "?"]
[White "Boden, Daniela"]
[Black "Mezei, Zsolt"]
[Result "0-1"]
[WhiteElo "1019"]
[BlackElo "1339"]
[PlyCount "74"]
[EventDate "2011.03.03"]
[EventType "tourn (corr)"]
[EventRounds "6"]
[EventCountry "GER"]
[SourceTitle "Telechess CBM 147"]
[Source "ChessBase"]
[SourceDate "2012.03.16"]
[SourceVersion "1"]
[SourceVersionDate "2012.03.16"]
[SourceQuality "1"]

1. e4 d6 2. Nf3 g6 3. c3 Nf6 4. d3 Bg7 5. g3 e5 6. Bg2 0-0 7. Nbd2 b6 8. 0-0 Bb7 9. Nc4 Nbd7 10. h4 a5 11. Bg5 h6 12. Be3 Ng4 13. Bd2 Nc5 14. Be1 f5 15. exf5 gxf5 16. Nh2 Bxg2 17. Kxg2 h5 18. Nxg4 fxg4 19. Bd2 Qd7 20. Be3 Qc6+ 21. Kg1 d5 22. Na3 Ne6 23. Qd2 Rf3 24. Bh6 Raf8 25. Rae1 R8f5 26. Bxg7 Kxg7 27. Re3 d4 28. Rxf3 Qxf3 29. Qd1 Qd5 30. c4 Qf3 31. Qxf3 Rxf3 32. Rd1 Nc5 33. Nb5 Nxd3 34. Rd2 c6 35. Na7 c5 36. Nc8 e4 37. Nxb6 e3 0-1

[Event "LSS RF-2010-0-00066"]
[Site "LSS email"]
[Date "2010.12.29"]
[Round "?"]
[White "Boden, Daniela"]
[Black "Bester, Kazimierz"]
[Result "1-0"]
[WhiteElo "1100"]
[BlackElo "702"]
[PlyCount "63"]
[EventDate "2010.11.19"]
[EventType "tourn (corr)"]
[EventRounds "6"]
[EventCountry "GER"]
[SourceTitle "Telechess CBM 143"]
[Source "ChessBase"]
[SourceDate "2011.07.15"]
[SourceVersion "1"]
[SourceVersionDate "2011.07.15"]
[SourceQuality "1"]

1. e4 d5 2. exd5 Qxd5 3. Nc3 Qa5 4. d4 Nf6 5. Bd2 Be6 6. Nf3 Nc6 7. Ne4 Qb6 8. Nxf6+ gxf6 9. c3 Qxb2 10. Rb1 Qxa2 11. Rxb7 0-0-0 12. Rb1 Bf5 13. Ra1 Qe6+ 14. Be3 Bh6 15. Qd2 Bxe3 16. fxe3 Qb3 17. Ba6+ Kb8 18. 0-0 h5 19. Ra2 Ka8 20. Rb2 Qe6 21. Bb7+ Kb8 22. Bxc6+ Kc8 23. Bb7+ Kd7 24. d5 Qd6 25. Bc6+ Qxc6 26. dxc6+ Kxc6 27. Nd4+ Kd6 28. Rxf5 e5 29. Qf2 exd4 30. Rxf6+ Kd7 31. Rxf7+ Kc8 32. Qf5+ 1-0